Cities In Afghanistan With A Population Over 100,000 - Statistics

General Stats
  • This quiz has been taken 12 times
  • The average score is 7 of 17
Answer Stats
# City Pop. % Correct
1 Kabul 4,457,882
100%
4 Herat 574,276
90%
3 Kandahar 614,118
80%
5 Jalalabad 356,275
60%
8 Kunduz 268,893
50%
2 Mazar-i-Sharif 693,000
50%
7 Ghazni 270,000
40%
9 Puli Khumri 221,274
40%
11 Sheberghan 175,599
40%
14 Balkh 136,097
30%
17 Khost 106,083
30%
12 Maymana 149,040
30%
10 Taloqan 196,400
30%
15 Baghlan 119,607
20%
6 Lashkar Gah 276,831
20%
16 Pol-e Alam 108,000
10%
13 Mihtarlam 144,162
0%
No matching quizzes found
Score Distribution
Percent of People with Each Score
Percentile by Number Answered
Your Score History
You have not taken this quiz